Župné ozveny mesačník Nitrianskeho samosprávneho kraja

Bibliographic Details
Format: Newspaper
Language:Slovak
Hungarian
PhysicalDescription:zv. 31 cm
Published: Nitra Nitriansky samosprávny kraj 2015-
ISSN:1339-9950
Subjects:

MARC

LEADER 00000cas a2200000 a 4500
001 vtls010689529
003 SK-MaSNL
005 20260228163502.0
008 150630c20159999xo mr n | 0 0slo
022 |a 1339-9950 
040 |a SNK  |b slo  |c SNK  |e AACR2 
041 0 |a slo  |a hun 
043 |a e-xo--- 
044 |a xo  |c SK 
072 7 |a 352/354  |x Stupne miestnej, oblastnej a ústrednej správy  |2 konspekt 
072 7 |a 316.7  |x Sociológia kultúry. Kultúrny život  |2 konspekt 
072 7 |a 394  |x Verejný a spoločenský život. Každodenný život  |2 konspekt 
080 |a 353.9  |2 2011 
080 |a 316.728  |2 2011 
080 |a (437.6)  |2 2011 
080 |a 050  |2 2011 
080 |a (051)+(054)(437.6)  |2 2011 
080 |a 394  |2 2011 
210 0 |a Žup.ozv. 
222 0 |a Župné ozveny 
245 0 0 |a Župné ozveny  |b mesačník Nitrianskeho samosprávneho kraja 
246 1 1 |a Megyei visszhang  |b Nyitra Megye havilapja 
260 |a Nitra  |b Nitriansky samosprávny kraj  |c 2015- 
300 |a zv.  |c 31 cm 
310 |a 1x mesačne 
362 0 |a Roč. 1, č. 1 (jún 2015)- 
500 |a Registračné č.: EV 5216/15 
546 |a Časopis vydávaný aj v maďarčine 
650 0 7 |a územná samospráva  |2 SNKPH  |9 802 
650 0 7 |a každodenný život  |2 SNKPH  |9 4946 
651 7 |a Nitra (Slovensko)  |2 SNKPHgeo  |9 15714 
655 7 |a regionálne periodiká  |2 SNKPH  |9 131775 
910 |a snk 
999 |c 9544  |d 11474 
952 |0 0  |1 0  |4 0  |7 0  |8 0  |a SNK  |b SNK  |d 2021-09-24  |i snk2021/13818  |l 0  |o snkČSB 6740/4/2018/1  |p 17A1460667  |r 2026-02-21 19:29:51  |t č. 1-12  |w 2026-02-21  |y PREZ  |z 1. časť = titul Župné ozveny 
952 |0 0  |1 0  |4 0  |7 0  |8 0  |a SNK  |b SNK  |d 2021-09-24  |i snk2021/13832  |l 0  |o snkČSB 6740/4/2018/2  |p 17A1460668  |r 2026-02-21 19:29:51  |t sz. 1-12, neúplné  |w 2026-02-21  |y PREZ  |z 2. časť = titul Megyei visszhang ; -chýba č. 10 
952 |0 0  |1 0  |4 0  |7 0  |8 0  |a SNK  |b SNK  |d 2021-09-24  |i snk2021/13835  |l 0  |o snkČSB 6740/5/2019/1  |p 17A1460669  |r 2026-02-21 19:29:51  |t č. 1-12  |w 2026-02-21  |y PREZ  |z 1. časť = titul Župné ozveny ; -č. 9 nevydali 
952 |0 0  |1 0  |4 0  |7 0  |8 0  |a SNK  |b SNK  |d 2021-09-24  |i snk2021/13836  |l 0  |o snkČSB 6740/5/2019/2  |p 17A1460670  |r 2026-02-21 19:29:51  |t sz. 1-12  |w 2026-02-21  |y PREZ  |z 2. časť = titul Megyei visszhang ; -č. 9 nevydali 
952 |0 0  |1 0  |4 0  |7 0  |8 0  |a SNK  |b SNK  |d 2021-09-24  |i snk2021/13837  |l 0  |o snkČSB 6740/6/2020/1  |p 17A1460671  |r 2026-02-21 19:29:51  |t č. 1-10, neúplné  |w 2026-02-21  |y PREZ  |z 1. časť = titul Župné ozveny ; -chýba č. 9 
952 |0 0  |1 0  |4 0  |7 0  |8 0  |a SNK  |b SNK  |d 2021-09-24  |i snk2021/13840  |l 0  |o snkČSB 6740/6/2020/2  |p 17A1460672  |r 2026-02-21 19:29:51  |t sz. 1-10, neúplné  |w 2026-02-21  |y PREZ  |z 2. časť = titul Megyei visszhang ; -chýba č. 8,9 
952 |0 0  |1 0  |4 0  |7 0  |8 0  |a SNK  |b SNK  |d 2021-09-30  |i snk2018/16688  |l 0  |o snkČSB 6740/1/2015/1  |p 17A1460720  |r 2026-02-21 20:01:35  |t č. 1-7  |w 2026-02-21  |y PREZ  |z 1. časť = titul Župné ozveny 
952 |0 0  |1 0  |4 0  |7 0  |8 0  |a SNK  |b SNK  |d 2021-09-30  |i snk2018/16698  |l 0  |o snkČSB 6740/2/2016/1  |p 17A1460717  |r 2026-02-21 20:01:35  |t č. 1-12  |w 2026-02-21  |y PREZ  |z 1. časť = titul Župné ozveny 
952 |0 0  |1 0  |4 0  |7 0  |8 0  |a SNK  |b SNK  |d 2021-09-30  |i snk2018/16704  |l 0  |o snkČSB 6740/3/2017/2  |p 17A1460719  |r 2026-02-21 20:01:35  |t sz. 1-12, neúplné  |w 2026-02-21  |y PREZ  |z 2. časť = titul Megyei visszhang ; -chýba č. 1 
952 |0 0  |1 0  |4 0  |7 0  |8 0  |a SNK  |b SNK  |d 2018-08-14  |i snk2018/16688  |l 0  |o snkČSB 6740/1/2015/2  |p 17A1328070  |r 2026-02-21 22:27:06  |t sz. 1-7  |w 2026-02-21  |y PREZ  |z 2. časť = titul Megyei visszhang 
952 |0 0  |1 0  |4 0  |7 0  |8 0  |a SNK  |b SNK  |d 2018-08-14  |i snk2018/16698  |l 0  |o snkČSB 6740/2/2016/2  |p 17A1328071  |r 2026-02-21 22:27:06  |t sz. 1-12, neúplné  |w 2026-02-21  |y PREZ  |z 2. časť = titul Megyei visszhang ; -chýba č. 3,7,8,10,11 
952 |0 0  |1 0  |4 0  |7 0  |8 0  |a SNK  |b SNK  |d 2018-08-14  |i snk2018/16704  |l 0  |o snkČSB 6740/3/2017/1  |p 17A1328072  |r 2026-02-21 22:27:06  |t č. 1-12  |w 2026-02-21  |y PREZ  |z 1. časť = titul Župné ozveny